000 00475nam a2200169 i 4500
001 106025
003 ES-MaACL
007 t|
008 060920s1957 fr ||||1| fre d
080 _a821.133.1-31"19"
100 1 _aJoyeux, Maurice.
_967082
245 1 3 _aLe consulat polonais
_b: roman /
_cMaurice Joyeux.
260 _aParis :
_bCalmann-Lévy,
_c[1957]
300 _a286 p. ;
_c19 cm.
500 _aBiblioteca Juan Andrade.
852 _aES-MaACL
_jAND-735
_bR.110031
999 _c106025
_d106025